Score 0/30 Timer 05:00
0 Plays Today
Number of Immigrants Country % Correct
14,358UK
95.3%
4,344China
95.3%
4,191India
95.3%
3,351Australia
94.2%
1,671Fiji
93%
582Japan
91.9%
2,199USA
91.9%
1,815Samoa
90.7%
852Canada
88.4%
669South Korea
88.4%
1,566Malaysia
87.2%
468Singapore
87.2%
636Vietnam
87.2%
234Tonga
86%
435France
86%
Number of Immigrants Country % Correct
1,809South Africa
86%
1,119Germany
84.9%
258Italy
84.9%
426Thailand
82.6%
414Russia
82.6%
447Indonesia
82.6%
831Ireland
79.1%
969Iraq
79.1%
2,610Philippines
77.9%
711Cambodia
75.6%
258Taiwan
74.4%
708Netherlands
72.1%
894Sri Lanka
70.9%
276Zimbabwe
64%
240Ethiopia
50%
Remove Ads.
Support Sporcle.
Get the best of Sporcle when you Go Orange. This ad-free experience offers more features, more stats, and more fun while also helping to support Sporcle. Thank you for becoming a member.

You're not logged in!

Compare scores with friends on all Sporcle quizzes.
OR
Log In

Show Comments

Extras

Top Quizzes Today


Score Distribution

Your Account Isn't Verified!

In order to create a playlist on Sporcle, you need to verify the email address you used during registration. Go to your Sporcle Settings to finish the process.

Report this User

Report this user for behavior that violates our Community Guidelines.

Details: